000 00720nam a2200241Ia 4500
003 OSt
005 20220925202814.0
006 a|||||r|||| 00| 0
007 ta
008 220923b |||||||| |||| 00| 0 eng d
037 _cGeneral Book
040 _aRTL
_cRTL
_beng
041 _2eng
_aeng
082 _aX:97D.2..N8, M6
100 _aInderjeet
_951312
245 0 _aInternal enviroment and industrial relations at en
260 _aDelhi
_bUniversity Of Delhi
_c1986
300 _a118p Appendix p 111-18
_ccm.
490 _aUniversity Of Delhi, Commerce (Deptt of-) Dissertation
650 _aTrade Unions
942 _hX:97D.2..N8, M6
_cGB
_2CC
999 _c544108
_d544108